FINANCIAL MANAGEMENT THEORY AND PRACTICE (Record no. 27032)

MARC details
000 -LEADER
fixed length control field 00404nam a22001697a 4500
003 - CONTROL NUMBER IDENTIFIER
control field OSt
005 - DATE AND TIME OF LATEST TRANSACTION
control field 20220114104417.0
008 - FIXED-LENGTH DATA ELEMENTS--GENERAL INFORMATION
fixed length control field 220114b |||||||| |||| 00| 0 eng d
020 ## - INTERNATIONAL STANDARD BOOK NUMBER
International Standard Book Number 003059593
040 ## - CATALOGING SOURCE
Transcribing agency HU
082 ## - DEWEY DECIMAL CLASSIFICATION NUMBER
Classification number 658
100 ## - MAIN ENTRY--PERSONAL NAME
Personal name BRIGHAM EUGENE F
9 (RLIN) 27918
245 ## - TITLE STATEMENT
Title FINANCIAL MANAGEMENT THEORY AND PRACTICE
260 ## - PUBLICATION, DISTRIBUTION, ETC.
Place of publication, distribution, etc. NEW YORK
Name of publisher, distributor, etc. LONDON
Date of publication, distribution, etc. 1982
300 ## - PHYSICAL DESCRIPTION
Extent 875
942 ## - ADDED ENTRY ELEMENTS (KOHA)
Source of classification or shelving scheme Dewey Decimal Classification
Koha item type Books like text book referance book
Suppress in OPAC No

No items available.